000 00601nam a2200229Ia 4500
001 9322
005 20240113234200.0
007 ta
008 050725s a g b000 u eng u
040 _aCotton College Assam
041 _aeng
082 _a821.5309
_bSi 89 Al
100 _aSitwell, Edith .
245 0 _aAlexander Pope /
_cEdith Sitwell.
_hTextual Documents
260 _aLondon :
_bFaber And Faber ,
_cnd.
300 _axiii, 316p. :
_bill. ;
_c22cm. .
504 _aIndex
653 _aEnglish-Poem-Criticism
942 _2ddc
_cBK
999 _c9309
_d9309